Zondervan: Atlas of the bible (Record no. 3765)

MARC details
000 -LEADER
fixed length control field 00374nam a22001457a 4500
008 - FIXED-LENGTH DATA ELEMENTS--GENERAL INFORMATION
fixed length control field 250604b |||||||| |||| 00| 0 eng d
020 ## - INTERNATIONAL STANDARD BOOK NUMBER
ISBN 9780310270508
100 ## - MAIN ENTRY--AUTHOR
Author Ramussen carl G
245 ## - TITLE STATEMENT
Title Zondervan: Atlas of the bible
260 ## - PUBLICATION, DISTRIBUTION, ETC. (IMPRINT)
Place of publication Michigan
Name of publisher Zondervan
Date of publication 2010
300 ## - COLLATION
Pagination 303p
650 ## - TRACINGS
Main Subject Bible geography
Subdivision (1st) Bible history
942 ## - ADDED ENTRY ELEMENTS (KOHA)
Item type Books
050 ## - LIBRARY OF CONGRESS CALL NUMBER
Classification number BS 630
Item number .R 36
Holdings
Source of classification or shelving scheme Not for loan Permanent location Current location Date acquired Accession No. Full call number Barcode. Koha item type
Library of Congress Classification   Samuel Ogbemudia Main Library, University of Abuja Samuel Ogbemudia Main Library, University of Abuja 06/04/2025 2025/65009 BS 630.R 36 2025-2345 Books